Contribución al conocimiento de las turbinas a vapor y turbo-dínamos /

Guardado en:
Autor Principal: Maveroff, J. O.
Formato: Libro
Idioma:Spanish
Publicado: Buenos Aires : Ministerio de Marina, 1909.
Etiquetas: Agregar Etiqueta
Sin Etiquetas, Sea el primero en etiquetar este registro!
LEADER 00493nam a22001455a 4500
001 EUN.um033596
003 AR-BaUNS
005 20050623122907.0
008 041125s1909####ag#a##########000#0#spa#d
245 1 0 |a Contribución al conocimiento de las turbinas a vapor y turbo-dínamos /  |c J. O. Maveroff. 
260 |a Buenos Aires :  |b Ministerio de Marina,  |c 1909. 
300 |a 195 p. :  |b ilus. ;  |c 25 cm. 
100 1 |a Maveroff, J. O. 
082 0 4 |a 621.16 
859 |a Ar-BaUNS  |b BIB. CENTRAL - Sector C  |h 621.16  |i M449  |p 51578/969